000 00292nam a22001457a 4500
020 _a817130502-4
082 _a894.812.3
_bBAS/N
100 _aBASHEER
245 _aNERUM NUNAYUM
260 _aKOTTAYAM
_bDC BOOKS
_c2009
300 _a263
520 _aNOVEL
650 _aNOVEL
942 _cBK
999 _c4699
_d4699